000 00964nam a2200289Ia 4500
003 OSt
005 20220926012314.0
006 a|||||r|||| 00| 0
007 ta
008 220923b |||||||| |||| 00| 0 eng d
020 _a9781316610886
_c2566.24
037 _b111333, 08/11/2017, International Book Distrobutors
_cGeneral Book
040 _aRTL
_cRTL
_beng
041 _2eng
_aeng
082 _aX:(R4), N6;Q7
100 _aHAUSMAN Daniel
_9316098
245 0 _aEconomic analysis, moral philosophy and public policy
250 _a3rd
260 _aNew York
_bCambridge University Press
_c2017
300 _axx,397p
_ccm.
500 _aBibliography chapterwise
650 _aEconomics
700 _a McPHERSON Michael
_9316099
700 _a SATZ Debra
_9316100
942 _hX:(R4), N6;Q7
_cGB
_2CC
999 _c622454
_d622454